Zdanenie príjmov plynúcich z prenájmu veci umiestnenej na území Slovenskej republiky
Prenájom veci podľa Občianskeho zákonníka. Prenájom bytov a nebytových priestorov. Príjmy z prenájmu veci umiestnenej na území Slovenskej republiky plynúce daňovníkom s obmedzenou daňovou povinnosťou. Prenájom nehnuteľností zahraničných daňových subjektov. Prenájom hnuteľných vecí ako forma podnikan...
Guardado en:
| Formato: | Capítulo de libro |
|---|---|
| Lenguaje: | eslovaco |
| Materias: | |
| Etiquetas: |
Sin Etiquetas, Sea el primero en etiquetar este registro!
|
MARC
| LEADER | 00000naa a2200000 4500 | ||
|---|---|---|---|
| 001 | r035262 | ||
| 005 | 20230926081342.8 | ||
| 041 | 0 | |a slo | |
| 044 | |a SK | ||
| 245 | 1 | 0 | |a Zdanenie príjmov plynúcich z prenájmu veci umiestnenej na území Slovenskej republiky |
| 520 | |a Prenájom veci podľa Občianskeho zákonníka. Prenájom bytov a nebytových priestorov. Príjmy z prenájmu veci umiestnenej na území Slovenskej republiky plynúce daňovníkom s obmedzenou daňovou povinnosťou. Prenájom nehnuteľností zahraničných daňových subjektov. Prenájom hnuteľných vecí ako forma podnikania, vykonávaná na základe živnostenského oprávnenia. | ||
| 610 | 2 | 0 | |a prenájom |
| 610 | 2 | 0 | |a zákonník občiansky |
| 610 | 2 | 0 | |a byty |
| 610 | 2 | 0 | |a nehnuteľnosti |
| 610 | 2 | 0 | |a priestory nebytové |
| 610 | 2 | 0 | |a osoby fyzické |
| 610 | 2 | 0 | |a osoby právnické |
| 610 | 2 | 0 | |a Slovensko |
| 610 | 2 | 0 | |a daňovníci |
| 610 | 2 | 0 | |a príjmy |
| 610 | 2 | 0 | |a podnikanie |
| 610 | 2 | 0 | |a zdaňovanie |
| 610 | 2 | 0 | |a cudzinci |